Statistics for Serena Williams's Final Grand Slam Rivals

Click here to take the quiz!

General Stats

  • This quiz has been taken 55 times
  • The average score is 12 of 18

Answer Stats

Opponent% Correct
Venus Williams
100%
Maria Sharapova
94%
Angelique Kerber
80%
Naomi Osaka
80%
Justine Henin
78%
Simona Halep
76%
Lindsay Davenport
71%
Victoria Azarenka
71%
Garbiñe Muguruza
69%
Martina Hingis
69%
Caroline Wozniacki
65%
Bianca Andreescu
63%
Samantha Stosur
61%
Jelena Janković
53%
Agnieszka Radwańska
47%
Dinara Safina
47%
Vera Zvonareva
35%
Lucie Šafářová
31%

Score Distribution

Percentile by Number Answered

Percent of People with Each Score

Your Score History

You have not taken this quiz